[Event "Latin Cup"]
[Site "Montevideo"]
[Date "2011.11.05"]
[Round "7"]
[White "Britos, Alejandro"]
[Black "Dos Santos, Gustavo Jonathan"]
[Result "0-1"]
[WhiteElo "2052"]
[BlackElo "1820"]
[PlyCount "72"]
[EventDate "2011.11.01"]
[EventType "swiss"]
[EventRounds "9"]
[EventCountry "URU"]
[SourceTitle "EXT 2012"]
[Source "ChessBase"]
[SourceDate "2011.11.24"]
[SourceVersion "1"]
[SourceVersionDate "2011.11.24"]
[SourceQuality "1"]

1. e4 e6 2. f4 d5 3. Qe2 dxe4 4. Qxe4 Nf6 5. Qf3 Bd6 6. d4 Nc6 7. Ne2 b6 8. Qxc6+ Bd7 9. Qf3 c5 10. Be3 Nd5 11. Nbc3 Nb4 12. Rc1 c4 13. a3 Nc6 14. g3 0-0 15. Bg2 a6 16. 0-0 Rc8 17. Rcd1 Re8 18. d5 Na5 19. dxe6 Rxe6 20. Bd4 Nc6 21. f5 Nxd4 22. Nxd4 Rf6 23. g4 Bc5 24. Nce2 Qc7 25. Kh1 Rh6 26. h3 Re8 27. c3 Qd8 28. Ne6 fxe6 29. fxe6 Rf8 30. Qd5 Rxf1+ 31. Rxf1 Rxe6 32. Nf4 Qc8 33. Re1 Kf7 34. Nxe6 Bxe6 35. Qxe6+ Qxe6 36. Bd5 Qxd5+ 0-1

[Event "Latin Cup"]
[Site "Montevideo"]
[Date "2011.11.04"]
[Round "6"]
[White "Ottonelo Gandarias, Marcos"]
[Black "Britos, Alejandro"]
[Result "1-0"]
[WhiteElo "1749"]
[BlackElo "2052"]
[PlyCount "61"]
[EventDate "2011.11.01"]
[EventType "swiss"]
[EventRounds "9"]
[EventCountry "URU"]
[SourceTitle "EXT 2012"]
[Source "ChessBase"]
[SourceDate "2011.11.24"]
[SourceVersion "1"]
[SourceVersionDate "2011.11.24"]
[SourceQuality "1"]

1. e4 e5 2. Nf3 Nc6 3. d4 exd4 4. Bc4 Be7 5. Nxd4 Nf6 6. 0-0 0-0 7. Nc3 Ne5 8. Bb3 a6 9. f4 Nc6 10. e5 Bc5 11. Be3 Ne8 12. Kh1 Nxd4 13. Bxd4 Bxd4 14. Qxd4 c6 15. Rad1 Qh4 16. Ne4 g6 17. f5 g5 18. Rf3 g4 19. Rh3 c5 20. Rxh4 cxd4 21. Rxd4 d5 22. exd6 Bxf5 23. d7 Nc7 24. Nc5 Rab8 25. Nxb7 Bxd7 26. Rxd7 Rxb7 27. Rxg4+ Kh8 28. Rc4 Re8 29. h3 Rc8 30. Rxf7 a5 31. a4 1-0